[Event "EU-ch U18 Girls 24th"]
[Site "Batumi"]
[Date "2014.10.22"]
[Round "4"]
[White "Firat, Deniz"]
[Black "Krassnitzer, Maria"]
[Result "1-0"]
[WhiteElo "1698"]
[BlackElo "1601"]
[PlyCount "51"]
[EventDate "2014.10.19"]
[EventType "swiss"]
[EventRounds "9"]
[EventCountry "GEO"]
[SourceTitle "EXT 2015"]
[Source "ChessBase"]
[SourceDate "2014.11.20"]
[SourceVersion "1"]
[SourceVersionDate "2014.11.20"]
[SourceQuality "1"]

1. d4 Nf6 2. c4 g6 3. Nf3 Bg7 4. g3 0-0 5. Bg2 d6 6. Nc3 Nbd7 7. 0-0 e5 8. e4 c6 9. h3 Qb6 10. Re1 exd4 11. Nxd4 Re8 12. Re2 Nc5 13. Be3 Qa6 14. e5 Nfd7 15. exd6 Qxc4 16. Bf1 a5 17. Re1 Qb4 18. Nxc6 Qxb2 19. Bxc5 Rxe1 20. Qxe1 bxc6 21. Qe8+ Bf8 22. Bc4 Qxa1+ 23. Kh2 Ne5 24. Qxe5 Bg7 25. Qe8+ Bf8 26. Qxf7+ 1-0

[Event "Kemer Turkey Cup"]
[Site "Kemer"]
[Date "2014.02.02"]
[Round "2"]
[White "Firat, Deniz"]
[Black "Agdelen, Huseyin Can"]
[Result "0-1"]
[WhiteElo "1711"]
[BlackElo "1847"]
[PlyCount "126"]
[EventDate "2014.02.01"]
[EventType "swiss"]
[EventRounds "9"]
[EventCountry "TUR"]
[SourceTitle "CBM 158 Extra"]
[Source "ChessBase"]
[SourceDate "2014.02.28"]
[SourceVersion "1"]
[SourceVersionDate "2014.02.28"]
[SourceQuality "1"]

1. d4 Nf6 2. c4 g6 3. Nf3 Bg7 4. g3 0-0 5. Bg2 d5 6. cxd5 Nxd5 7. 0-0 Nb6 8. e4 Nc6 9. d5 Na5 10. Nc3 c6 11. dxc6 Nxc6 12. Qe2 Bg4 13. Rd1 Nd4 14. Qd3 f5 15. e5 Nxf3+ 16. Bxf3 Qxd3 17. Rxd3 Bxf3 18. Rxf3 Bxe5 19. Bg5 Bf6 20. Bxf6 Rxf6 21. Re3 Kf7 22. Rae1 Re8 23. Nb5 Nc8 24. Nc7 Rd8 25. Ne6 Rd2 26. Ng5+ Kg8 27. Rc1 Rc6 28. Rxc6 bxc6 29. Rb3 Nb6 30. Ra3 Rxb2 31. Rxa7 Nd5 32. Ne6 Rb8 33. a4 h6 34. a5 Kf7 35. Nc5 Rb5 36. Nb7 Ke6 37. Nd8+ Kd6 38. Nf7+ Kc5 39. Ne5 e6 40. Nxg6 Kd4 41. a6 c5 42. Rd7 Ra5 43. a7 c4 44. Ne7 Ra1+ 45. Kg2 c3 46. Nc6+ Kc5 47. Ne5 c2 48. Nd3+ Kc6 49. Rd8 Rxa7 50. Rc8+ Nc7 51. Rb8 Nb5 52. Rg8 Ra4 53. Rc8+ Nc7 54. Rd8 Rc4 55. Nc1 Nd5 56. Rc8+ Kb5 57. Rxc4 Kxc4 58. Kf3 Kc3 59. Ke2 Kb2 60. Kd2 Nf6 61. f3 Nd7 62. Nd3+ Kb1 63. Ke3 Nc5 0-1

[Event "Wch U20 Girls 31st"]
[Site "Kocaeli"]
[Date "2013.09.24"]
[Round "11"]
[White "Anjana Krishna, Sreela"]
[Black "Firat, Deniz"]
[Result "1-0"]
[WhiteElo "1881"]
[BlackElo "1664"]
[PlyCount "73"]
[EventDate "2013.09.13"]
[EventType "swiss"]
[EventRounds "13"]
[EventCountry "TUR"]
[SourceTitle "CBM 156 Extra"]
[Source "ChessBase"]
[SourceDate "2013.10.22"]
[SourceVersion "1"]
[SourceVersionDate "2013.10.22"]
[SourceQuality "1"]

1. d4 Nf6 2. Nf3 g6 3. e3 Bg7 4. Bd3 0-0 5. 0-0 d5 6. Nbd2 Nbd7 7. b3 b6 8. Bb2 Bb7 9. Ne5 c5 10. f4 Ne4 11. Nxe4 dxe4 12. Bc4 e6 13. Qg4 Nf6 14. Qh3 Nd5 15. dxc5 bxc5 16. Rad1 Qa5 17. a3 Rad8 18. Qg3 Ne7 19. Qg4 Nf5 20. Qe2 Nd6 21. Rfe1 Nxc4 22. Nxc4 Qc7 23. Be5 Bxe5 24. Nxe5 Kg7 25. h3 Rd5 26. c4 Rxd1 27. Rxd1 Rd8 28. Ng4 a5 29. Qb2+ Kf8 30. Rxd8+ Qxd8 31. Qe5 Qb6 32. Qh8+ Ke7 33. Qf6+ Ke8 34. Ne5 Qc7 35. Qh8+ Ke7 36. Qxh7 Kf8 37. Nxg6+ 1-0

[Event "Wch U20 Girls 31st"]
[Site "Kocaeli"]
[Date "2013.09.21"]
[Round "8"]
[White "Firat, Deniz"]
[Black "Miladinovic, Lena"]
[Result "0-1"]
[WhiteElo "1664"]
[BlackElo "2080"]
[PlyCount "86"]
[EventDate "2013.09.13"]
[EventType "swiss"]
[EventRounds "13"]
[EventCountry "TUR"]
[SourceTitle "CBM 156 Extra"]
[Source "ChessBase"]
[SourceDate "2013.10.22"]
[SourceVersion "1"]
[SourceVersionDate "2013.10.22"]
[SourceQuality "1"]

1. d4 Nf6 2. c4 e6 3. Nf3 Bb4+ 4. Nbd2 d6 5. a3 Bxd2+ 6. Qxd2 a5 7. Qc2 Qe7 8. Bg5 h6 9. Bh4 e5 10. dxe5 dxe5 11. e4 0-0 12. Be2 Bg4 13. 0-0 Nc6 14. h3 Bxf3 15. Bxf3 Rfe8 16. Rfe1 Nd4 17. Qc3 Ra6 18. Bd1 c5 19. Ba4 Rd8 20. Rab1 Qe6 21. Bb5 Ra7 22. b4 axb4 23. axb4 Rda8 24. bxc5 Ra3 25. Qc1 Nh5 26. Re3 Ra2 27. Rb2 R2a5 28. Kh2 Nf4 29. Bg3 Ng6 30. Qe1 Qe7 31. Qb4 Qg5 32. Bd7 Qe7 33. Qxb7 R5a7 34. Qd5 Qxd7 35. Bxe5 Nxe5 36. Qxe5 Qc7 37. Qxc7 Rxc7 38. Rd3 Ne6 39. Rd5 Rac8 40. Rb5 Nxc5 41. e5 Ne6 42. Rb2 Nc5 43. Rb5 Ne6 0-1

[Event "Wch U20 Girls 31st"]
[Site "Kocaeli"]
[Date "2013.09.18"]
[Round "6"]
[White "Firat, Deniz"]
[Black "Krumova, Ani"]
[Result "1/2-1/2"]
[WhiteElo "1664"]
[BlackElo "1993"]
[PlyCount "84"]
[EventDate "2013.09.13"]
[EventType "swiss"]
[EventRounds "13"]
[EventCountry "TUR"]
[SourceTitle "CBM 156 Extra"]
[Source "ChessBase"]
[SourceDate "2013.10.22"]
[SourceVersion "1"]
[SourceVersionDate "2013.10.22"]
[SourceQuality "1"]

1. d4 Nf6 2. c4 b6 3. Nc3 Bb7 4. Nf3 e6 5. e3 Be7 6. Bd3 0-0 7. 0-0 c5 8. e4 cxd4 9. Nxd4 Nc6 10. Nxc6 dxc6 11. e5 Nd7 12. f4 Nc5 13. Bc2 Qxd1 14. Rxd1 Rad8 15. Be3 f6 16. Ne4 Nxe4 17. Bxe4 f5 18. Bf3 Kf7 19. Kf2 Ke8 20. a3 Rd7 21. b4 Kd8 22. c5 Rxd1 23. Rxd1+ Kc7 24. a4 Rd8 25. Rxd8 Bxd8 26. g4 g6 27. gxf5 gxf5 28. Kg3 Ba6 29. h4 Bc4 30. h5 Bb3 31. cxb6+ axb6 32. a5 bxa5 33. bxa5 Bd5 34. Be2 Be7 35. Bb6+ Kb8 36. Kf2 Bh4+ 37. Ke3 Bg3 38. h6 Bh2 39. Bh5 c5 40. Bg6 Bg1+ 41. Kd2 Bh2 42. Ke3 Bg1+ 1/2-1/2

[Event "Wch U20 Girls 31st"]
[Site "Kocaeli"]
[Date "2013.09.15"]
[Round "3"]
[White "Qiu, Mengjie"]
[Black "Firat, Deniz"]
[Result "1-0"]
[WhiteElo "2091"]
[BlackElo "1664"]
[PlyCount "93"]
[EventDate "2013.09.13"]
[EventType "swiss"]
[EventRounds "13"]
[EventCountry "TUR"]
[SourceTitle "CBM 156 Extra"]
[Source "ChessBase"]
[SourceDate "2013.10.22"]
[SourceVersion "1"]
[SourceVersionDate "2013.10.22"]
[SourceQuality "1"]

1. e4 c5 2. Nf3 d6 3. d4 cxd4 4. Nxd4 Nf6 5. Nc3 a6 6. Bg5 e6 7. f4 Qb6 8. Qd2 Nc6 9. 0-0-0 Qxd4 10. Qxd4 Nxd4 11. Rxd4 Be7 12. Be2 Bd7 13. Bf3 Bc6 14. Rhd1 h6 15. Bh4 g5 16. fxg5 Nd7 17. Bg3 hxg5 18. h3 Ne5 19. Be2 0-0-0 20. a4 Kc7 21. b4 Be8 22. b5 a5 23. b6+ Kc8 24. Nb5 Bxb5 25. Bxb5 g4 26. hxg4 Rhg8 27. Be2 Nxg4 28. Bxd6 Bxd6 29. Rxd6 Rxd6 30. Rxd6 Ne3 31. Rd3 Nxg2 32. Rc3+ Kb8 33. Rc7 Rf8 34. Bh5 f6 35. Bf7 Nf4 36. Re7 e5 37. Kd2 Rc8 38. Be6 Nxe6 39. Rxe6 Rc6 40. Rxc6 bxc6 41. c4 c5 42. Ke3 Kb7 43. Kf3 Kxb6 44. Kg4 Kc6 45. Kf5 Kd7 46. Kxf6 Kd6 47. Kf5 1-0

[Event "TUR-chT"]
[Site "Konya"]
[Date "2012.07.20"]
[Round "11"]
[White "Firat, Deniz"]
[Black "Ustundag, Nefise Melis"]
[Result "1-0"]
[WhiteElo "1657"]
[BlackElo "1571"]
[PlyCount "71"]
[EventDate "2012.07.11"]
[EventType "team-tourn"]
[EventRounds "13"]
[EventCountry "TUR"]
[SourceTitle "CBM 149 Extra"]
[Source "ChessBase"]
[SourceDate "2012.08.24"]
[SourceVersion "1"]
[SourceVersionDate "2012.08.24"]
[SourceQuality "1"]
[WhiteTeam "Istanbul Aquamatch"]
[BlackTeam "Antalya Deniz Genclik"]
[WhiteTeamCountry "TUR"]
[BlackTeamCountry "TUR"]

1. d4 d5 2. c4 Nf6 3. cxd5 Nxd5 4. Nf3 Bf5 5. Qb3 Qd6 6. Qxb7 Qb4+ 7. Qxb4 Nxb4 8. Na3 e6 9. Bf4 Nd5 10. Bg3 Bxa3 11. bxa3 0-0 12. Rc1 Rc8 13. Nd2 Nf6 14. f3 c6 15. e4 Bg6 16. Nb3 Nfd7 17. Na5 c5 18. Nb3 c4 19. Rxc4 Rxc4 20. Bxc4 Nb6 21. Be2 N8d7 22. 0-0 Rc8 23. Rc1 Rxc1+ 24. Nxc1 Kf8 25. Kf2 Ke7 26. Ke3 f6 27. Nb3 Nc8 28. Nc5 Bf7 29. Nxd7 Kxd7 30. Bb5+ Kd8 31. Bb8 Be8 32. Ba6 Bc6 33. Bxc8 Kxc8 34. Bxa7 Kd7 35. Kd2 g6 36. Kc3 1-0

[Event "TUR-chT"]
[Site "Konya"]
[Date "2012.07.16"]
[Round "6"]
[White "Ozturk, Hilal"]
[Black "Firat, Deniz"]
[Result "1-0"]
[WhiteElo "1852"]
[BlackElo "1657"]
[PlyCount "71"]
[EventDate "2012.07.11"]
[EventType "team-tourn"]
[EventRounds "13"]
[EventCountry "TUR"]
[SourceTitle "CBM 149 Extra"]
[Source "ChessBase"]
[SourceDate "2012.08.24"]
[SourceVersion "1"]
[SourceVersionDate "2012.08.24"]
[SourceQuality "1"]
[WhiteTeam "Istanbul Teknik Uni"]
[BlackTeam "Istanbul Aquamatch"]
[WhiteTeamCountry "TUR"]
[BlackTeamCountry "TUR"]

1. e4 c5 2. c3 d5 3. exd5 Qxd5 4. d4 Nf6 5. Nf3 Bg4 6. Be2 e6 7. h3 Bh5 8. 0-0 Nc6 9. Be3 cxd4 10. cxd4 Be7 11. Nc3 Qd6 12. g4 Bg6 13. Ne5 0-0 14. Bf4 Qb4 15. Nc4 Nd5 16. Nxd5 exd5 17. a3 Qb5 18. a4 Qa6 19. Ne3 Qb6 20. Nxd5 Qxb2 21. Nxe7+ Nxe7 22. Bd6 Rfe8 23. Bb5 Nc6 24. d5 Red8 25. dxc6 bxc6 26. Bxc6 Rac8 27. Qd5 Qc3 28. Rac1 Bc2 29. Bb7 Rc4 30. Rfe1 Rd4 31. Qc5 Rc4 32. Qb5 h5 33. Re8+ Rxe8 34. Qxe8+ Kh7 35. Be4+ Rxe4 36. Qxe4+ 1-0

[Event "TUR-ch (Women)"]
[Site "Kemer"]
[Date "2012.01.30"]
[Round "3"]
[White "Firat, Deniz"]
[Black "Yassibag, Ipek Asli"]
[Result "1-0"]
[WhiteElo "1632"]
[BlackElo "1430"]
[PlyCount "127"]
[EventDate "2012.01.29"]
[EventType "swiss"]
[EventRounds "9"]
[EventCountry "TUR"]
[SourceTitle "CBM 146 Extra"]
[Source "ChessBase"]
[SourceDate "2012.02.29"]
[SourceVersion "1"]
[SourceVersionDate "2012.02.29"]
[SourceQuality "1"]

1. d4 Nf6 2. c4 g6 3. Nf3 Bg7 4. g3 0-0 5. Bg2 d6 6. 0-0 Nbd7 7. Nc3 e5 8. e4 exd4 9. Nxd4 Re8 10. Re1 c6 11. h3 Qe7 12. Be3 Nc5 13. f4 Bd7 14. Bf2 Ne6 15. Nf3 Rad8 16. e5 dxe5 17. fxe5 Nh5 18. Ne4 b6 19. Nd6 Rf8 20. Qd2 Be8 21. Rad1 f6 22. b4 fxe5 23. c5 bxc5 24. bxc5 Kh8 25. Nxe5 Bxe5 26. Rxe5 Nhg7 27. Rde1 Bd7 28. Qc3 Kg8 29. Qc4 Kh8 30. R1e2 Qf6 31. Be1 Ng5 32. Bc3 Nf3+ 33. Bxf3 Qxf3 34. Kh2 Qf1 35. Rg2 Qxc4 36. Nxc4 Kg8 37. Re7 Rf7 38. Rge2 Rxe7 39. Rxe7 Nf5 40. Re2 Re8 41. Rd2 Be6 42. Ne5 Bd5 43. Bb2 Ne7 44. Nd7 Kf7 45. Nf6 Rc8 46. Nxh7 Bxa2 47. Ng5+ Ke8 48. Bf6 Bf7 49. Rb2 Rc7 50. Rb8+ Rc8 51. Rb7 Nd5 52. Nxf7 Rc7 53. Rxc7 Nxc7 54. Ne5 a6 55. Nxc6 Ne6 56. Bd4 Nxd4 57. Nxd4 Kd7 58. h4 a5 59. g4 a4 60. h5 gxh5 61. gxh5 a3 62. h6 a2 63. Nb3 a1Q 64. Nxa1 1-0

[Event "TUR-chT"]
[Site "Konya"]
[Date "2011.07.06"]
[Round "10"]
[White "Firat, Deniz"]
[Black "Menzi, Nezihe Ezgi"]
[Result "0-1"]
[WhiteElo "1635"]
[BlackElo "1868"]
[PlyCount "56"]
[EventDate "2011.06.28"]
[EventType "team-swiss"]
[EventRounds "13"]
[EventCountry "TUR"]
[SourceTitle "CBM 143 Extra"]
[Source "ChessBase"]
[SourceDate "2011.08.29"]
[SourceVersion "1"]
[SourceVersionDate "2011.08.29"]
[SourceQuality "1"]
[WhiteTeam "Isek Aquamatch"]
[BlackTeam "Yapi Kredi"]
[WhiteTeamCountry "TUR"]
[BlackTeamCountry "TUR"]

1. d4 Nf6 2. c4 g6 3. Nf3 Bg7 4. g3 0-0 5. Bg2 d6 6. 0-0 Nbd7 7. Nc3 e5 8. e4 c6 9. h3 Re8 10. Be3 a6 11. a4 Rb8 12. a5 Qc7 13. Qc2 b5 14. cxb5 cxb5 15. Rfc1 b4 16. Nd5 Qxc2 17. Rxc2 Nxe4 18. Nxe5 dxe5 19. Bxe4 exd4 20. Bf4 Be5 21. Bxe5 Rxe5 22. Bg2 Bb7 23. Nxb4 Bxg2 24. Nxa6 Ra8 25. Nc7 Be4 26. Rd2 Raxa5 27. Re1 Bf3 28. Rc1 Rec5 0-1

[Event "TUR-chT"]
[Site "Konya"]
[Date "2010.07.07"]
[Round "11"]
[White "Firat, Deniz"]
[Black "Morgul, Elcin"]
[Result "1-0"]
[WhiteElo "1621"]
[BlackElo "1718"]
[PlyCount "89"]
[EventDate "2010.06.29"]
[EventType "team-tourn"]
[EventRounds "13"]
[EventCountry "TUR"]
[SourceTitle "CBM 137 Extra"]
[Source "ChessBase"]
[SourceDate "2010.09.01"]
[SourceVersion "1"]
[SourceVersionDate "2010.09.01"]
[SourceQuality "1"]

1. d4 d5 2. c4 e6 3. Nf3 Nf6 4. Nc3 Be7 5. Bg5 0-0 6. e3 b6 7. Bd3 Bb7 8. 0-0 Nbd7 9. Qe2 c5 10. cxd5 exd5 11. dxc5 Nxc5 12. Rfd1 h6 13. Bxf6 Bxf6 14. Rac1 Bxc3 15. Rxc3 Qf6 16. Bc2 Rac8 17. Nd4 Rfd8 18. Qf3 Qxf3 19. Nxf3 g6 20. Nd4 Kg7 21. Kf1 Ba6+ 22. Ke1 Ne6 23. Rxc8 Rxc8 24. Bb3 Bc4 25. Nxe6+ fxe6 26. Bxc4 Rxc4 27. Kd2 Kf6 28. Rc1 Rxc1 29. Kxc1 h5 30. Kd2 Kf5 31. Kd3 g5 32. Kd4 g4 33. b4 h4 34. a4 Kf6 35. a5 Kf5 36. axb6 axb6 37. f3 gxf3 38. gxf3 b5 39. h3 Kf6 40. Kc5 Ke7 41. Kxb5 Kd6 42. Ka6 Kc7 43. b5 Kb8 44. Kb6 e5 45. Kc5 1-0

[Event "TUR-chT"]
[Site "Konya"]
[Date "2010.06.29"]
[Round "1"]
[White "Asan, Elvan"]
[Black "Firat, Deniz"]
[Result "1-0"]
[WhiteElo "1796"]
[BlackElo "1621"]
[PlyCount "89"]
[EventDate "2010.06.29"]
[EventType "team-tourn"]
[EventRounds "13"]
[EventCountry "TUR"]
[SourceTitle "CBM 137 Extra"]
[Source "ChessBase"]
[SourceDate "2010.09.01"]
[SourceVersion "1"]
[SourceVersionDate "2010.09.01"]
[SourceQuality "1"]

1. e4 c5 2. Nf3 d6 3. d4 cxd4 4. Qxd4 Nc6 5. Bb5 Bd7 6. Bxc6 Bxc6 7. Nc3 Nf6 8. Bg5 e6 9. 0-0-0 Be7 10. Rhe1 0-0 11. Qd2 Qc7 12. Nd4 Rfd8 13. f3 a6 14. g4 b5 15. Nce2 a5 16. h4 b4 17. Kb1 Rab8 18. Ng3 Be8 19. Rg1 a4 20. Nh5 Nxh5 21. gxh5 a3 22. Qg2 g6 23. hxg6 hxg6 24. h5 e5 25. Nf5 f6 26. Bc1 g5 27. b3 Kh7 28. Rd3 Bb5 29. Rdd1 Rb6 30. f4 Rg8 31. fxg5 fxg5 32. Qf2 Rc6 33. Nxe7 Qxe7 34. Rd5 Ba6 35. h6 Rg6 36. Qf5 Kxh6 37. Rh1+ Kg7 38. Rh5 Rc7 39. Qh3 Kf7 40. Rh7+ Rg7 41. Qh5+ Kf8 42. Rh8+ Rg8 43. Qh6+ Qg7 44. Qxd6+ Re7 45. Rxg8+ 1-0